00831cam a22002054a 4500020002600000040000800026082002600034100001800060245008400078260004300162300002800205500002000233650001500253856006000268856006700328856005900395942000700454999001700461952014700478 a0471269964 (acidfree) cDLC00a330 WIL 2003 A076 Or.1 aSwonk, Diane.14aThe passionate economist :bfinding the power and humanity behind the numbers / aHoboken, N.J. :bWiley & Sons,cc2003. axviii, 270 p. ;c24 cm. aIncludes index. 0aEconomists42uhttp://www.loc.gov/catdir/bios/wiley045/2002153259.html42uhttp://www.loc.gov/catdir/description/wiley038/2002153259.html41uhttp://www.loc.gov/catdir/toc/wiley031/2002153259.html cEK c15394d15394 0010406330_000000000000000_WIL_2003_A076_OR70968537aLBAbLBAcA076d2017-11-20o330 WIL 2003 A076 Or.pA07774r2017-11-20w2017-11-20yEK